[Event "Quebec-ch U10"]
[Site "Montreal"]
[Date "2012.11.24"]
[Round "2"]
[White "Yip, Mattew"]
[Black "Ouellet, Maili Jade"]
[Result "0-1"]
[WhiteElo "1354"]
[BlackElo "1390"]
[PlyCount "62"]
[EventDate "2012.11.23"]
[EventType "swiss"]
[EventRounds "5"]
[EventCountry "CAN"]
[SourceTitle "EXT 2022"]
[Source "ChessBase"]
[SourceDate "2021.10.06"]
[SourceVersion "1"]
[SourceVersionDate "2021.10.06"]
[SourceQuality "1"]

1. d4 d5 2. c4 e6 3. Nc3 Nf6 4. Nf3 Be7 5. Bg5 0-0 6. cxd5 exd5 7. e3 c6 8. Bd3 Bg4 9. 0-0 Nbd7 10. a3 a5 11. Rb1 Ne4 12. Nxe4 dxe4 13. Bxe7 Qxe7 14. Be2 exf3 15. Bxf3 Be6 16. Re1 a4 17. Qd3 Rfd8 18. Qc3 Rac8 19. Rbd1 Bb3 20. Rd2 Nb6 21. Bd1 Nd5 22. Qc1 Bxd1 23. Qxd1 b5 24. Rc2 Nb6 25. Qc1 Nc4 26. h3 c5 27. dxc5 Rxc5 28. Rd1 Rcd5 29. Rxd5 Rxd5 30. Kh2 Qd6+ 31. g3 Rd1 0-1

[Event "Montreal Juste pour jouer"]
[Site "Montreal"]
[Date "2012.10.08"]
[Round "7"]
[White "Yip, Mattew"]
[Black "Spaulding, Derrick"]
[Result "1/2-1/2"]
[WhiteElo "1250"]
[BlackElo "1396"]
[PlyCount "74"]
[EventDate "2012.10.05"]
[EventType "swiss"]
[EventRounds "7"]
[EventCountry "CAN"]
[SourceTitle "EXT 2022"]
[Source "ChessBase"]
[SourceDate "2021.10.06"]
[SourceVersion "1"]
[SourceVersionDate "2021.10.06"]
[SourceQuality "1"]

1. d4 Nf6 2. c4 e6 3. Nc3 c6 4. Nf3 Bb4 5. e4 Nxe4 6. Qb3 Bxc3+ 7. bxc3 0-0 8. Bd3 d5 9. Qc2 f5 10. 0-0 Nd7 11. Bf4 Ndf6 12. Ne5 dxc4 13. Nxc4 Nd5 14. Bxe4 fxe4 15. Bg3 b5 16. Ne5 Qb6 17. Rab1 e3 18. c4 exf2+ 19. Bxf2 Nf6 20. d5 Qc7 21. Nxc6 exd5 22. cxb5 Ng4 23. Bg3 Qb6+ 24. Kh1 Rxf1+ 25. Rxf1 Bd7 26. Rb1 Re8 27. h3 Nf6 28. Bf2 Qb7 29. Nxa7 Ne4 30. Bd4 Bf5 31. Qd1 Ng3+ 32. Kh2 Bxb1 33. Qxb1 Ne2 34. Bf2 Qf7 35. Bc5 Qc7+ 36. Kh1 Qxc5 37. Nc6 Qf2 1/2-1/2

[Event "North American-ch U08"]
[Site "Montreal"]
[Date "2010.08.17"]
[Round "3"]
[White "Balakrishnan, Praveen"]
[Black "Yip, Mattew"]
[Result "1/2-1/2"]
[WhiteElo "1721"]
[BlackElo "1191"]
[PlyCount "24"]
[EventDate "2010.08.16"]
[EventType "swiss"]
[EventRounds "7"]
[EventCountry "CAN"]
[SourceTitle "EXT 2013"]
[Source "ChessBase"]
[SourceDate "2012.11.22"]
[SourceVersion "1"]
[SourceVersionDate "2012.11.22"]
[SourceQuality "1"]

1. e4 d5 2. exd5 Nf6 3. Bb5+ Bd7 4. Bxd7+ Nbxd7 5. c4 Nb6 6. Qb3 Nfd7 7. d4 c5 8. dxc5 Nxc5 9. Qb5+ Nbd7 10. Bd2 a6 11. Qa5 Qxa5 12. Bxa5 Nd3+ 1/2-1/2